书目信息 |
| 题名: |
国际航运金融手册
|
|
| 作者: | 卡伍萨诺斯 , 维斯维基斯 主编 ;金海 译 | |
| 分册: | ||
| 出版信息: | 上海 上海人民出版社 2019.10 |
|
| 页数: | 24, 14, 375页 | |
| 开本: | 24cm | |
| 丛书名: | ||
| 单 册: | ||
| 中图分类: | F830.571-62 , F840.63-62 , F830.57 | |
| 科图分类: | ||
| 主题词: | 国际航运--guo ji hang yun--金融--手册 | |
| 电子资源: | ||
| ISBN: | 978-7-208-15972-3 | |
| 000 | 01640nam0 2200301 450 | |
| 001 | 2366879620 | |
| 005 | 20231218183523.47 | |
| 010 | @a978-7-208-15972-3@d108.00CNY | |
| 100 | @a20191119d2019 em y0chiy50 ea | |
| 101 | 1 | @achi@ceng |
| 102 | @aCN@b310000 | |
| 105 | @aak a 000yy | |
| 200 | 1 | @a国际航运金融手册@Aguo ji hang yun jin rong shou ce@f(希) 马诺利斯·卡伍萨诺斯, 伊利亚斯·维斯维基斯主编@d= The international handbook of shipping finance@etheory and practice@fManolis Kavussanos, Ilias Visvikis@g金海译@zeng |
| 210 | @a上海@c上海人民出版社@d2019.10 | |
| 215 | @a24, 14, 375页@c图@d24cm | |
| 314 | @a马诺利斯·卡伍萨诺斯, 希腊雅典经济与商业大学 (AUEB) 的教授。担任国际海运、财务和管理硕士项目以及金融实验室主任。伊利亚斯·维斯维基斯, 航运金融和风险管理教授, 世界海事大学管理教育和专业发展总监。金海, 博士, 挪威籍华人, 上海国际航运研究中心理事会专家委员会委员。 | |
| 320 | @a有书目 | |
| 330 | @a本书由16个篇章组成, 包括: 航运市场、资产支持融资、船舶建造项目融资、债务融资、公募和私募股权和债券市场、结构性融资、船舶抵押的法律方面和重点条款、海运保险、不良贷款处理机制、投资评估和资本预算、财务分析和投资建模、业务风险管理和航运衍生品、兼并收购等议题。 | |
| 500 | 10 | @aInternational handbook of shipping finance : theory and practice@mChinese |
| 606 | 0 | @a国际航运@Aguo ji hang yun@x金融@j手册 |
| 690 | @aF830.571-62@v5 | |
| 690 | @aF840.63-62@v5 | |
| 690 | @aF830.57@v4 | |
| 701 | 1 | @a卡伍萨诺斯@Aka wu sa nuo si@g(Kavussanos, Manolis)@4主编 |
| 701 | 1 | @a维斯维基斯@Awei si wei ji si@g(Visvikis, Ilias)@4主编 |
| 702 | 0 | @a金海@Ajin hai@4译 |
| 801 | 0 | @aCN@b湖北三新@c20191119 |
| 905 | @aBZT@dF830.57@e124 | |
| 国际航运金融手册/(希) 马诺利斯·卡伍萨诺斯, 伊利亚斯·维斯维基斯主编= The international handbook of shipping finance:theory and practice/Manolis Kavussanos, Ilias Visvikis/金海译.-上海:上海人民出版社,2019.10 |
| 24, 14, 375页:图;24cm |
| ISBN 978-7-208-15972-3:108.00CNY |
| 本书由16个篇章组成, 包括: 航运市场、资产支持融资、船舶建造项目融资、债务融资、公募和私募股权和债券市场、结构性融资、船舶抵押的法律方面和重点条款、海运保险、不良贷款处理机制、投资评估和资本预算、财务分析和投资建模、业务风险管理和航运衍生品、兼并收购等议题。 |
| ● |
| 相关链接 |
|
|
|
正题名:国际航运金融手册
索取号:F830.57/124
 
预约/预借
| 序号 | 登录号 | 条形码 | 馆藏地/架位号 | 状态 | 备注 |
| 1 | 2001600744 | 2001600744 | 辽三/辽宁北配(第三批)/2186/ [索取号:F830.57/124] | 在馆 | |
| 2 | 2001600745 | 2001600745 | 辽三/辽宁北配(第三批)/2186/ [索取号:F830.57/124] | 在馆 | |
| 3 | 2001600746 | 2001600746 | 辽三/辽宁北配(第三批)/2186/ [索取号:F830.57/124] | 在馆 | |
| 4 | 2001600747 | 2001600747 | 辽三/辽宁北配(第三批)/2186/ [索取号:F830.57/124] | 在馆 |